| 000 | 00829nam a2200301 a 4500 | ||
|---|---|---|---|
| 003 | AR-BaBNM | ||
| 005 | 20251128204105.0 | ||
| 008 | 082120s2002 ||||||||||||||000 | spa|| | ||
| 020 | _a950-25-0042-3 | ||
| 040 | _cAR-BaBNM | ||
| 100 | 1 | _aPanettieri, José | |
| 245 | 0 | 0 | _aLas primeras leyes obreras |
| 260 |
_aBuenos Aires _bCentro Editor de América Latina _c1984 |
||
| 300 | _a143 p. | ||
| 490 | 0 |
_aBiblioteca política argentina _vv. 43 |
|
| 500 | _aApéndice documental | ||
| 650 | 4 | _aDERECHO LABORAL | |
| 650 | 4 | _aMOVIMIENTO OBRERO | |
| 650 | 4 | _aPOLITICA LABORAL | |
| 650 | 4 | _aRELACIONES LABORALES | |
| 650 | 4 | _aEMPLEO DE LAS MUJERES | |
| 650 | 4 | _aEMPLEO DE LOS JOVENES | |
| 650 | 4 | _aACCIDENTES DE TRABAJO | |
| 650 | 4 | _aHUELGA | |
| 800 | 1 |
_aTroncoso, Oscar _edirector |
|
| 942 | _cBK | ||
| 998 | _cEnrique | ||
| 999 |
_c6129 _d6129 |
||